Pokémon troisième génération - Les deux premières lettres ! - Statistiques

Statistiques générales
  • Ce quiz a été pris 338 fois
  • Le résultat moyen est 114 sur 135
Statistiques - réponses
Numéro Pokédex Pokémon % Correct
283 Arakdo
99%
252 Arcko
99%
348 Armaldo
99%
266 Armulys
99%
296 Makuhita
99%
335 Mangriff
99%
284 Maskadra
99%
253 Massko
99%
353 Polichombr
99%
311 Posipi
99%
255 Poussifeu
99%
305 Galegon
98%
304 Galekid
98%
306 Galeking
98%
256 Galifeu
98%
282 Gardevoir
98%
354 Branette
97%
257 Braségali
97%
295 Brouhabam
97%
258 Gobou
97%
278 Goélise
97%
254 Jungko
97%
294 Ramboum
97%
384 Rayquaza
97%
260 Laggron
96%
380 Latias
96%
381 Latios
96%
261 Medhyèna
96%
307 Méditikka
96%
376 Métalosse
96%
375 Métang
96%
269 Papinox
96%
287 Parecool
96%
262 Grahyèna
95%
273 Grainipiot
95%
326 Groret
95%
383 Groudon
95%
312 Négapi
95%
270 Nénupiot
95%
322 Chamallot
94%
286 Chapignon
94%
267 Charmillon
94%
308 Charmina
94%
324 Chartor
94%
265 Chenipotte
94%
293 Chuchmur
94%
301 Delcatty
94%
386 Deoxys
94%
302 Ténéfix
94%
275 Tengalice
94%
356 Téraclope
94%
374 Terhal
94%
280 Tarsal
93%
279 Bekipan
92%
259 Flobio
92%
382 Kyogre
92%
272 Ludicolo
92%
314 Lumivole
92%
299 Tarinor
92%
330 Libégon
91%
345 Lilia
91%
264 Linéon
91%
331 Cacnea
90%
332 Cacturne
90%
323 Camérupt
90%
318 Carvanha
90%
271 Lombre
90%
370 Lovdisc
90%
343 Balbuto
89%
285 Balignon
89%
340 Barbicha
89%
339 Barloche
89%
349 Barpau
89%
289 Monaflèmit
89%
351 Morphéo
89%
268 Blindalys
88%
337 Séléroc
88%
367 Serpang
88%
336 Séviper
88%
329 Vibraninf
87%
288 Vigoroth
87%
263 Zigzaton
87%
365 Kaimorse
86%
344 Kaorine
86%
281 Kirlia
86%
274 Pifeuil
86%
297 Hariyama
85%
385 Jirachi
85%
350 Milobellus
85%
355 Skelénox
85%
300 Skitty
85%
313 Muciole
83%
292 Munja
83%
290 Ningale
83%
291 Ninjask
83%
276 Nirondelle
83%
366 Coquiperl
82%
319 Sharpedo
82%
342 Colhomard
81%
377 Regirock
81%
379 Registeel
81%
368 Rosabyss
81%
315 Rosélia
81%
338 Solaroc
81%
325 Spoink
81%
378 Regice
80%
369 Relicanth
80%
327 Spinda
80%
277 Hélédelle
79%
346 Vacilys
78%
347 Anorith
77%
328 Kraknoix
77%
341 Écrapince
72%
364 Phogleur
70%
371 Draby
68%
372 Drackhaus
68%
373 Drattak
68%
363 Obalie
68%
310 Élecsprint
67%
309 Dynavolt
65%
303 Mysdibule
60%
352 Kecleon
55%
320 Wailmer
55%
321 Wailord
55%
359 Absol
54%
357 Tropius
50%
362 Oniglali
48%
334 Altaria
47%
361 Stalgamin
47%
333 Tylton
46%
317 Avaltout
45%
358 Eoko
40%
316 Gloupti
38%
298 Azurill
32%
360 Okéoké
32%
Aucun quiz correspondant
Distribution des résultats
% des personnes avec chaque résultat
Percentile par nombre de réponses
Votre historique - résultats
Vous n’avez pas pris ce quiz